Anuario estadístico del sector agropecuario 2014 : (Registro nro. 19501)

Detalles MARC
000 -CABECERA
Campo de control 00832nam a22002057a 4500
005 - FECHA Y HORA DE LA ULTIMA TRANSACCION
Campo de control 20170517092453.0
008 - ELEMENTOS DE LONGITUD FIJA—INFORMACION GENERAL
Campo de control 131213b2016 ck abd||r|||| 00| 0 spa d
022 ## - ISSN
ISSN 2346-4089
040 ## - FUENTE DE CATALOGACIÓN
Agencia catalogadora original CO-BoIAVH
Agencia transcriptora CO-BoIAVH
041 0# - IDIOMA
Código de idioma para texto/pista de sonido o título separado Español
044 ## - PAÍS DE PUBLICACIÓN
País de publicación Colombia
082 04 - NUMERO DE CLASIFICACION DECIMAL DEWEY
Número de clasificación 630
Número del ítem A63a1
245 00 - MENCION DE TITULO
Título Anuario estadístico del sector agropecuario 2014 :
Parte restante del título resultados evaluaciones agropecuarias municipales
260 ## - PUBLICACION, DISTRIBUCION, ETC. (PIE DE IMPRENTA)
Lugar de publicación, distribución, etc. Bogotá (Colombia) :
Nombre del editor, distribuidor, etc. Ministerio de Agricultura y Desarrollo Rural,
Fecha de publicación, distribución, etc. 2016.
300 ## - DESCRIPCION FISICA
Extensión 286 páginas :
Otros detalles físicos ilustraciones a color, tablas y mapas ;
Dimensiones 28 x 21 cm. +
Material acompañante 1 tarjeta USB
650 26 - ASIENTO SECUNDARIO DE MATERIA - TERMINO TEMATICO
Término temático o nombre geográfico como elemento de entrada Agricultura
Subdivisión de forma Estadísticas
-- Publicaciones seriadas
Subdivisión geográfica Colombia
Subdivisión cronológica 2014
9 (RLIN) 81541
651 ## - ASIENTO SECUNDARIO DE MATERIA - NOMBRE GEOGRAFICO
Nombre geográfico Colombia
Subdivisión de forma Publicaciones seriadas
9 (RLIN) 81542
710 1# - ASIENTO SECUNDARIO - NOMBRE CORPORATIVO
Nombre corporativo o de jurisdicción como elemento de entrada Colombia
Unidad subordinada Ministerio de Agricultura y Desarrollo Rural
9 (RLIN) 6763
942 ## - ELEMENTOS ADICIONALES (KOHA)
Sistema de clasificación Dewey Decimal Classification
Tipo de ítem Libro
Existencias
Withdrawn status Lost status Sistema de Clasificación Damaged status No para préstamo Colección Inventariado Ubicación Permanente Ubicación actual Fecha de adquisición Fuente de Valor Valor Total Checkouts Número topográfico Inventario / Código de Barras Date last seen Ejemplar Price effective from Forma de adquisición Tipo de material Public note
    Dewey Decimal Classification     General Inventariado 2017 Bogotá Bogotá 17/05/2017 Instituto 39000.00   LB-630 A63a1 041252 17/05/2017 Ej. 1 17/05/2017 Donación Libro Incluye tarjeta USB (CID-041253).
    Dewey Decimal Classification     General   Bogotá Bogotá 17/05/2017       LB-630 A63a1 041253 17/05/2017 Ej. 1 17/05/2017 Donación USB Adjunto en CID-041252, incluye anexos como mapas y datos de estadísticos.
    Dewey Decimal Classification     General Inventariado 2017 Bogotá Bogotá 17/05/2017 Instituto 39000.00   LB-630 A63a1 041254 17/05/2017 Ej. 2 17/05/2017 Donación Libro Incluye tarjeta USB (CID-041255).
    Dewey Decimal Classification     General   Bogotá Bogotá 17/05/2017       LB-630 A63a1 041255 17/05/2017 Ej. 2 17/05/2017 Donación USB Adjunto en CID-041254, incluye anexos como mapas y datos de estadísticos.
    Dewey Decimal Classification     General Inventariado 2017 Sala Fabio Quevedo Sala Fabio Quevedo 17/05/2017 Instituto 39000.00   LB-630 A63a1 041256 17/05/2017 Ej. 3 17/05/2017 Donación Libro Incluye tarjeta USB (CID-041257).
    Dewey Decimal Classification     General   Sala Fabio Quevedo Sala Fabio Quevedo 17/05/2017       LB-630 A63a1 041257 17/05/2017 Ej. 3 17/05/2017 Donación USB Adjunto en CID-041256, incluye anexos como mapas y datos de estadísticos.